TONGGAK dua belas : (The twelve pillars)

Bibliographic Details
Format: Book
Published: Kuala Lumpur : INTAN , 1992
Subjects:

MARC

LEADER 00000cam a2200000 7i4500
001 0000000079
005 20000628.0
020 0 0 |a 9679933156 
090 0 0 |a 172.209595   |b TON 1992 
245 0 0 |a TONGGAK dua belas :   |b (The twelve pillars) 
260 0 0 |a Kuala Lumpur :   |b INTAN ,   |c 1992 
300 |a xviii, 63 p. ;   |c 21 cm. 
650 0 0 |a Civil service ethics   |z Malaysia 
650 0 0 |a Civil service   |z Malaysia 
745 0 0 |a The twelve pillars 
999 |a 0000001032   |b Monograph   |c Open Shelf   |e Default branch 
999 |a 0000004713   |b Monograph   |c Open Shelf   |e Default branch 
999 |a 0000004714   |b Monograph   |c Open Shelf   |e Default branch